Welcome to CU Library Online Public Access Catalogue (OPAC)

Intermediate algebra : (Record no. 1248)

MARC details
000 -LEADER
fixed length control field 00712pam a2200229 a 4500
001 - CONTROL NUMBER
control field 2031050
005 - DATE AND TIME OF LATEST TRANSACTION
control field 20241115121503.0
008 - FIXED-LENGTH DATA ELEMENTS--GENERAL INFORMATION
fixed length control field 920313s1993 nyua 001 0 eng
020 ## - INTERNATIONAL STANDARD BOOK NUMBER
International Standard Book Number 0070317194 :
Terms of availability $34.80
050 00 - LIBRARY OF CONGRESS CALL NUMBER
Classification number QA154.2
Item number .S7819 1993
082 00 - DEWEY DECIMAL CLASSIFICATION NUMBER
Classification number 512/.9
Edition information 20
100 1# - MAIN ENTRY--PERSONAL NAME
Personal name Streeter, James
Fuller form of name (James A.)
245 10 - TITLE STATEMENT
Title Intermediate algebra :
Remainder of title form A /
Statement of responsibility, etc. James Streeter, Donald Hutchison, Louis Hoelzle.
250 ## - EDITION STATEMENT
Edition statement 2nd ed.
260 ## - PUBLICATION, DISTRIBUTION, ETC.
Place of publication, distribution, etc. New York :
Name of publisher, distributor, etc. McGraw-Hill,
Date of publication, distribution, etc. c1993.
300 ## - PHYSICAL DESCRIPTION
Extent xviii, 932, 66, 7, 4 p. :
Other physical details ill. (some col.) ;
Dimensions 28 cm.
500 ## - GENERAL NOTE
General note Includes index.
650 #0 - SUBJECT ADDED ENTRY--TOPICAL TERM
Topical term or geographic name entry element Algebra.
700 1# - ADDED ENTRY--PERSONAL NAME
Personal name Hutchison, Donald,
Dates associated with a name 1948-
700 1# - ADDED ENTRY--PERSONAL NAME
Personal name Hoelzle, Louis F.
942 ## - ADDED ENTRY ELEMENTS (KOHA)
Source of classification or shelving scheme Library of Congress Classification
Koha item type Books
Edition 2nd ed.
Suppress in OPAC No
999 ## -
-- 1248
-- 1248
Holdings
Withdrawn status Lost status Source of classification or shelving scheme Damaged status Not for loan Collection Home library Current library Shelving location Date acquired Total checkouts Full call number Barcode Date last seen Copy number Price effective from Koha item type
    Library of Congress Classification     Non-fiction Science Library (Miotso) Science Library (Miotso) General stacks 11/15/2024   QA154.2 .S7819 STR SLM00000614 11/15/2024 1 11/15/2024 Books
    Library of Congress Classification     Non-fiction Science Library (Miotso) Science Library (Miotso) General stacks 11/15/2024   QA154.2 .S7819 STR SLM00000615 11/15/2024 2 11/15/2024 Books
© 2023-2024 Copyright: Central University Libraries. All Rights Reserved | Created by: Mahone Tech Office